Statistics for Countries Bordering a Guinea Country

Click here to take the quiz!

General Stats

  • This quiz has been taken 89 times
  • The average score is 9 of 11

Answer Stats

Answer % Correct
Senegal
93%
Indonesia
91%
Mali
86%
Gabon
86%
Sierra Leone
84%
Guinea
81%
Cameroon
81%
Liberia
80%
Guinea-Bissau
78%
Côte d'Ivoire
76%

Score Distribution

Percentile by Number Answered

Percent of People with Each Score

Your Score History

You have not taken this quiz